000 00290nam a2200121Ia 4500
008 230822s2007 xx 000 0 und d
020 _a0-304-34952-6
041 _aeng
100 _aSTOKES P.
245 _aPICTURE FRAMING MODE EASY
260 _bCASSELL AND COMPANY
_c2007
300 _a128
999 _c857922
_d857922